Introduction a la pensée Juive du moyen age

I tiakina i:
Ngā taipitopito rārangi puna kōrero
Kaituhi matua: Vajda, Georges (Author)
Hōputu: Pukapuka
Reo:Wīwī
I whakaputaina: París J. Vrin 1947
Rangatū:Études de Philosophie Médiévale
Ngā marau:
Ngā Tūtohu: Tāpirihia he Tūtohu
Kāore He Tūtohu, Me noho koe te mea tuatahi ki te tūtohu i tēnei pūkete!

MARC

LEADER 00000nam a2200000 a 4500
001 UCZ5180
003 CL-VaPUC
008 951117e19470000FR |||||||||||||||||fre|d
082 0 4 |a 189  |b VAJ  |2 21 
100 0 |a Vajda, Georges  |e author  |9 349136 
245 1 0 |a Introduction a la pensée Juive du moyen age 
300 |a 244 p 
942 |c BK 
945 |d 19951117 00:00:00  |a cmena 
260 |a París  |b J. Vrin  |c 1947 
650 0 |a Filosofía medieval  |9 256245 
650 0 |a Teología   |9 258766 
650 0 |a Creencia Religiosa  |9 316904 
650 0 |a Aristotelismo  |9 347069 
650 0 |a Escuelas filosóficas   |9 266232 
583 |a last modification  |c 20121008 06:08:03  |k Rodrigo Vera 
490 0 |a Études de Philosophie Médiévale 
999 |c 241502  |d 241500 
952 |0 0  |1 0  |4 0  |6 189_000000000000000_VAJ_1947  |7 0  |8 P  |9 253837  |a BIBEDU  |b BIBEDU  |c BIBEDU_PB  |d 2019-11-19  |i 1572474  |o 189 VAJ 1947  |p 1572474  |r 2024-01-25  |w 2019-11-19  |y BK  |k FIL